01728nam a22003734a 4500001001200000003000800012005001700020006001900037007001500056008004100071010001700112020003600129040002100165035002100186050002500207082001800232100002200250245018600272260004100458300002500499504006400524505020800588533015200796610003900948610004300987650002401030650002301054651005801077655002901135700001701164700002501181710001701206856013101223ebr10178076CaPaEBR20250826234810.0m u cr cn|||||||||050418s2005 nyua sb 001 0 eng  z 2005007421 z0765612518 (cloth : alk. paper) aCaPaEBRcCaPaEBR a(OCoLC)19166209114aHD30.28b.G58 2005eb04a658.4/0122221 aGlassman, Alan M.10aThinking strategically in turbulent timesh[electronic resource] :ban inside view of strategy making /cAlan M. Glassman, Deone Zell, and Shari Duron ; foreword by Barry Z. Posner. aArmonk, N.Y. :bM.E. Sharpe,cc2005. axiii, 170 p. :bill. aIncludes bibliographical references (p. 159-161) and index.0 aThe contextual framework -- Thinking strategically at Hewlett-Packard -- Thinking strategically in Los Angeles County -- Thinking strategically at the California State University -- When sectors collide. aElectronic reproduction.bPalo Alto, Calif. :cebrary,d2013.nAvailable via World Wide Web.nAccess may be limited to ebrary affiliated libraries.20aHewlett-Packard CompanyxPlanning.20aCalifornia State UniversityxPlanning. 0aStrategic planning. 0aBusiness planning. 0aLos Angeles County (Calif.)xPolitics and government. 7aElectronic books.2local1 aZell, Deone.1 aDuron, Shari,d1945-2 aebrary, Inc.40uhttp://site.ebrary.com/lib/strathmore/Doc?id=10178076zAn electronic book accessible through the World Wide Web; click to view